000
00321nam a2200133Ia 4500
008
190216s9999||||xx |||||||||||||| ||und||
100
_a
Tewari. Kk
245
0
_a
Electricity And Magentism With Electronics
250
_a
5th Ed.
260
_b
Sulthan Chand &co
_c
1993
300
_a
933
650
_a
Physics
942
_c
BK
999
_c
33254
_d
33254